01631nam a22003857a 4500003000500000005001700005008004100022010001000063011001000073035001000083040000900093090001000102100003100112245012400143260004000267300002100307502012300328590003700451590004100488590004100529590004100570590004100611590004200652650005200694650003200746650004500778650003000823901000700853942000900860949004300869949005500912999001700967952013300984952012801117CHAP20241209122302.0971013s1995 r 00010 d a58509 a59481 a63639 cCHAP aTesis10aOrtiz Barreto, Omar983939 aAnálisis de cultivos tradicionales y su sustitución por otros cultivos en cuatro comunidades del oriente de Morelos aChapingo, Méx. :bEl autor,c1995 a124 h.b; anexos aTesis (M. C. en Economía del Desarrollo Rural) -- UACH. Departamento de Economía Agrícola. Programa de Postgrado aALEPHb10c20130110lUCH01h1336 aBATCH-UPDb10c20130110lUCH01h1143 aBATCH-UPDb10c20130410lUCH01h0729 aBATCH-UPDb10c20130914lUCH01h0033 aBATCH-UPDb10c20130914lUCH01h2057 aCONVERSIONb10c20130109lUCH01h133114aAgriculturaxInnovaciones tecnológicas.9156514aAgriculturaxMorelos.9174714aCultivosxCostos de producción.93024714aCultivoszMorelos.930365 aBK cFOLL bBCcTESd-136945eTS1h28568i63639si bBCcTESd33724000079414eTS2fc.2h28569i63639si c58509d58509 00102local4053708TESISaBCbBCcPA_TESISd2019-12-31fTESISl0p33724000079414r2019-12-31 00:00:00tc.2w2019-12-31yTESIS 00102local4051708TESISaBCbBCcPA_TESISd2019-12-31fTESISl0oTesisp-136945r2019-12-31 00:00:00w2019-12-31yTESIS